• 首页
  • 本馆介绍
  • 公告通知
  • 最新文献
  • 馆藏检索
  • 电子资源
  • 读者导购
  • 参考咨询
  • 我的图书馆
  • 登录
  • 详细信息显示
  • 放入我的书架
  • 预约/预借图书
  • 作者相关作品
  • 分类相关作品
  • 丛书相关作品
  • 出版社相关作品

书目信息

  • 表格格式
  • 工作单格式
  • 卡片格式
题名:
全彩中国雕塑艺术史
    
 
作者: 汝信 主编 ;郎天咏 , 李诤 编著
分册:  
出版信息: 银川   宁夏人民出版社  2000
页数: 338页
开本: 23cm
丛书名: 全彩艺术史系列
单 册:
中图分类: J309.2
科图分类:
主题词: 雕塑史--中国--图集
电子资源:
ISBN: 7-227-02179-3
000 00842oam2 2200253 450
005 20070606200855.26
010    @a7-227-02179-3@dCNY68.00
100    @a20010627e20022000em y0chiy0110 ea
101 0  @achi
102    @aCN@b640000
105    @aa z 000yy
200 1  @a全彩中国雕塑艺术史@Aquan cai zhong guo diao su yi shu shi@f汝信主编@g郎天咏,李诤编著
210    @a银川@c宁夏人民出版社@d2000@h2002
215    @a338页@c彩图@d23cm
225 2  @a全彩艺术史系列
330    @a本书介绍了先秦雕塑、秦汉雕塑、魏晋南北朝雕塑、隋唐雕塑、五代至元雕塑、明清雕塑、现代雕塑等内容。
461  0 @12001 @a全彩艺术史系列
606 0  @a雕塑史@y中国@j图集
690    @aJ309.2@v4
701  0 @a汝信@Aru xin@4主编
702  0 @a郎天咏@Alang tian yong@4编著
702  0 @a李诤@Ali zheng@4编著
801  0 @aCN@bTAOJIN@c20070606
905    @a10447@dJ309.2@e21
    
    全彩中国雕塑艺术史/汝信主编/郎天咏,李诤编著.-银川:宁夏人民出版社,2000(2002)
    338页:彩图;23cm.-(全彩艺术史系列)
    
    
    ISBN 7-227-02179-3:CNY68.00
    本书介绍了先秦雕塑、秦汉雕塑、魏晋南北朝雕塑、隋唐雕塑、五代至元雕塑、明清雕塑、现代雕塑等内容。
●
相关链接 在E读中查询图书 在五车中查询图书 在当当中查询图书 在豆瓣中查询图书


正题名:全彩中国雕塑艺术史     索取号:J309.2/21         预约/预借

序号 登录号 条形码 馆藏地/架位号 状态 备注
1 0527069   205270696   第一样本阅览室/ [索取号:J309.2/21] 在馆    
2 0527070   205270703   第一借阅区/ [索取号:J309.2/21] 在馆    
3 0527071   205270712   第一借阅区/ [索取号:J309.2/21] 在馆    
唐山师范学院图书馆 欢迎您!
大连网信软件有限公司© 版权所有